Southville International School and Colleges
Your cart is empty.
  • Cart
  • Lists
    Public lists Eva Luna New books Lux_list list_1
    Your lists Log in to create your own lists
  • Log in to your account
  • Your cookies
  • Search history
Southville International School and Colleges
  • Advanced search
  • Recent comments
  • Most popular
  • Libraries

Log in to your account

Log in with GOOGLE


If you do not have an external account, but do have a local account, you can still log in:

  1. Home
  2. MARC view: The Art of Speeches and Presentations
Normal view MARC view ISBD view

The Art of Speeches and Presentations (Record no. 39108)

[ view plain ]
MARC details
000 -LEADER
fixed length control field 00616nam a22002057a 4500
003 - CONTROL NUMBER IDENTIFIER
control field UMwl
005 - DATE AND TIME OF LATEST TRANSACTION
control field 20140311162958.0
008 - FIXED-LENGTH DATA ELEMENTS--GENERAL INFORMATION
fixed length control field 130218t xxu||||| |||| 00| 0 eng d
020 ## - INTERNATIONAL STANDARD BOOK NUMBER
International Standard Book Number 9780470711958
050 ## - LIBRARY OF CONGRESS CALL NUMBER
Classification number PN 4129.15
Item number .C683 2012
082 ## - DEWEY DECIMAL CLASSIFICATION NUMBER
Classification number PN4129.15
Item number .C683 2012
100 ## - MAIN ENTRY--PERSONAL NAME
Personal name Philip Collins
245 ## - TITLE STATEMENT
Title The Art of Speeches and Presentations
Remainder of title The Secrets of Making People Remember What You Say
Statement of responsibility, etc Collins, Philip
260 ## - PUBLICATION, DISTRIBUTION, ETC. (IMPRINT)
Place of publication, distribution, etc Hoboken
Name of publisher, distributor, etc John Wiley & Sons
Date of publication, distribution, etc 2012
300 ## - PHYSICAL DESCRIPTION
Extent 169 p. :
Dimensions 22 cm.
Other physical details ill. ;
562 ## - COPY AND VERSION IDENTIFICATION NOTE
Number of copies 1
650 ## - SUBJECT ADDED ENTRY--TOPICAL TERM
Topical term or geographic name as entry element 1. Public speaking
942 ## - ADDED ENTRY ELEMENTS (KOHA)
Source of classification or shelving scheme Library of Congress Classification
Koha item type Books
Call number prefix Foreign
Holdings
Withdrawn status Lost status Source of classification or shelving scheme Damaged status Home library Current library Shelving location Date acquired Total Checkouts Total Renewals Full call number Barcode Date last seen Date checked out Copy number Price effective from Koha item type
    Library of Congress Classification   College Library College Library Reserve Section 01/08/2014 2 1 PN 4129.15 .C683 2012 C15294 10/12/2022 09/16/2022 1 01/08/2014 Books

The Art of Speeches and Presentations

APA

Philip Collins, . (2012). The Art of Speeches and Presentations. Hoboken: John Wiley & Sons.

Chicago

Philip Collins, . 2012. The Art of Speeches and Presentations. Hoboken: John Wiley & Sons.

Harvard

Philip Collins, . (2012). The Art of Speeches and Presentations. Hoboken: John Wiley & Sons.

MLA

Philip Collins, . The Art of Speeches and Presentations. Hoboken: John Wiley & Sons. 2012.

  • Place hold
  • Print
  • Cite
  • Add to your cart (remove)
  • Save record
    BIBTEX Dublin Core MARCXML MARC (non-Unicode/MARC-8) MARC (Unicode/UTF-8) MARC (Unicode/UTF-8, Standard) MODS (XML) RIS
  • More searches
    Search for this title in:
    Other Libraries (WorldCat) Other Databases (Google Scholar) Online Stores (Bookfinder.com) Open Library (openlibrary.org)

Exporting to Dublin Core...

SOUTHVILLE LIBRARY

Southville International School and Colleges Library

1281 Tropical Ave. Cor. Luxembourg St., BF Homes International, Las Pinas City

Tel. No. 8256374 / 252358 Loc. 117/146

Powered by Koha